Normal view
MARC view
Entry Nombre personal
001 - NÚMERO DE CONTROL
- campo de control: 88487
003 - IDENTIFICADOR DEL NÚMERO DE CONTROL
- campo de control: DO-SdBNP
005 - FECHA Y HORA DE LA ÚLTIMA TRANSACCIÓN
- campo de control: 20250812111004.0
008 - DATOS DE LONGITUD FIJA
- campo de control de longitud fija: 250812|| aca||aabn | a|a d
040 ## - FUENTE DE LA CATALOGACIÓN
- Centro catalogador/agencia de origen: DO-SdBNP
- Centro/agencia transcriptor: DO-SdBNP
100 ## - ENCABEZAMIENTO-NOMBRE DE PERSONA
- Nombre de persona: Mejía, Orión
670 ## - FUENTE DE DATOS ENCONTRADOS
- Cita de la fuente: Work cat.: (DO-SdBNP)59770: Núñez, Charlie, autor aut. 88485, Mi visión sobre tópicos recientes dominicanos /
